| 000 | 00436nam a2200169 a 4500 | ||
|---|---|---|---|
| 005 | 20140310182405.0 | ||
| 008 | 010913s19uu xx 00 eng d | ||
| 020 | _a0140620311 | ||
| 050 |
_aPR 5684 _b.T847 1994 |
||
| 100 | _aTrollope, Anthony | ||
| 245 |
_aThe Warden / _cAnthony Trollope. |
||
| 260 |
_aNew York : _bPenguin Books, _c1994. |
||
| 300 |
_a202 p. : _c18 cm. |
||
| 650 | _aFiction | ||
| 942 |
_cBK _2lcc |
||
| 999 |
_c12675 _d12675 |
||